[Event "AUTO-MASTER-3250"]
[Site "http://www.queenalice.com/game.php?id=1851215"]
[Date "2025.1.31"]
[Round "1"]
[White "princesher"]
[Black "Tonto"]
[Result "0-1"]
[WhiteElo "1983"]
[BlackElo "1994"]

1. e4 b6 2. d4 Bb7 3. d5 Nf6 4. Nc3 c6 5. dxc6 Nxc6 6. f3 e5 7. a3 Be7 8. Bb5
O-O 9. Bxc6 dxc6 10. Qxd8 Rfxd8 11. Bd2 a5 12. g4 h6 13. O-O-O Bc5 14. Nge2 b5
15. Na2 b4 16. a4 Ba6 17. Ng1 Nh7 18. h4 Nf8 19. Rh2 Ne6 20. Re1 Bxg1 21. Rxg1
Nd4 22. Rgg2 Bf1 23. Rf2 Bc4 24. b3 Be6 25. h5 c5 26. Be3 c4 27. bxc4 Bxc4 28.
Kb2 b3 29. cxb3 Bxb3 30. Bxd4 Bxa2 31. Bxe5 Be6 32. Rd2 Re8 33. Bc3 Rab8+ 34.
Kc1 Rec8 35. Rd3 Rb3 36. Rc2 Ra3 37. Kd2 Bb3 38. Rc1 Bxa4 39. Re3 Ra2+ 40. Ke1
Bb5 41. Bd2 Rxc1+ 42. Bxc1 Ra1 43. Kd2 a4 44. f4 f6 45. Rc3 Ra2+ 46. Ke3 Re2+
47. Kd4 Rg2 48. Rc5 Be8 49. g5 fxg5 50. fxg5 hxg5 51. Rxg5 Rxg5 52. Bxg5 Bxh5
53. Be7 Bd1 54. e5 Kf7 55. Bb4 Ke6 56. Bd6 g5 57. Ke3 g4 58. Kd2 Bb3 59. Ke2 Kf5
60. Kf2 Ke4 61. Kg3 Be6 62. Ba3 Kxe5 63. Bc5 Kd5 64. Ba3 Kc4 65. Kf4 Kb3 66. Bc5
a3 67. Bd4 a2 68. Kg3 Kc2 69. Ba1 Kb1 70. Bc3 a1=Q 71. Bxa1 Kxa1 72. Kf2 Kb2 73.
Ke3 Kc3 74. Ke4 Kd2 75. Kf4 Ke2 76. Kg3 Ke3 77. Kg2 Kf4 78. Kf2 Bd5 79. Kf1 Kg3
80. Kg1 Kh3 81. Kf2 Kh2 82. Ke2 g3 83. Ke3 g2 84. Kd4 Ba8 85. Kd3 g1=Q 86. Ke2
Qg3 87. Kf1 Qg2+ 88. Ke1 Kg3 89. Kd1 Kf3 90. Kc1 Ke3 91. Kb1 Kd3 92. Ka1 Kc3 93.
Kb1 Qb2# 0-1

[Event "AUTO-MASTER-3250"]
[Site "http://www.queenalice.com/game.php?id=1851232"]
[Date "2025.1.31"]
[Round "1"]
[White "princesher"]
[Black "Jsc"]
[Result "1-0"]
[WhiteElo "2034"]
[BlackElo "1652"]

1. e4 e6 2. e5 c5 3. c3 Nc6 4. Nf3 Qb6 5. a3 a5 6. Qa4 Nge7 7. b4 Ng6 8. bxc5
Bxc5 9. d4 Be7 10. g3 O-O 11. Nbd2 d5 12. exd6 Bxd6 13. Qb5 Qc7 14. a4 Bd7 15.
Qb3 Nce7 16. Bg2 1-0

[Event "AUTO-MASTER-3250"]
[Site "http://www.queenalice.com/game.php?id=1851233"]
[Date "2025.1.31"]
[Round "1"]
[White "Jsc"]
[Black "princesher"]
[Result "0-1"]
[WhiteElo "1654"]
[BlackElo "2032"]

1. e4 e5 2. Nf3 d6 3. Bc4 Bg4 4. Nc3 c6 5. h3 Bxf3 6. Qxf3 Nf6 7. g4 g5 8. d3 h6
9. h4 Bg7 10. Be3 gxh4 11. Rxh4 b5 12. Bb3 b4 13. Ne2 a5 14. a4 c5 15. O-O-O Qe7
0-1

[Event "AUTO-MASTER-3250"]
[Site "http://www.queenalice.com/game.php?id=1851234"]
[Date "2025.1.31"]
[Round "1"]
[White "princesher"]
[Black "lat47"]
[Result "0-1"]
[WhiteElo "2023"]
[BlackElo "1948"]

1. e4 e5 2. a3 a5 3. d3 c6 4. b3 h6 5. Bb2 f6 6. h3 g6 7. g4 d6 8. c3 Qb6 9. b4
axb4 10. axb4 Rxa1 11. Bxa1 Qa7 12. Nd2 b5 13. Bg2 Be7 14. Ne2 f5 15. gxf5 Bh4
16. O-O gxf5 17. Nf3 Bf6 18. Bb2 Qg7 19. Kh1 f4 20. Qa1 Na6 21. Qa2 Rh7 22. Rg1
Rh8 23. Bf1 Qh7 24. Qa5 Qa7 25. d4 Bd8 26. Qa2 Nf6 27. Nd2 Kf8 28. Nf3 Nxe4 29.
Kg2 Rg8+ 30. Kh2 Rxg1 31. Kxg1 Qg7+ 32. Bg2 Ng5 33. Nxg5 Qxg5 34. Kh2 Qh4 35. f3
Qf2 36. Nc1 Bh4 37. Nd3 Qg3+ 38. Kg1 e4 39. Nxf4 Qxf4 40. Ba3 Qe3+ 41. Kh2 Qe1
42. Bf1 Qxf1 43. Qg2 Qxg2+ 44. Kxg2 e3 45. Kf1 Bxh3+ 46. Ke2 Bg5 47. Bc1 Nc7 48.
Bxe3 Bxe3 49. Kxe3 Nd5+ 50. Kd3 Bf5+ 51. Kd2 h5 52. Ke1 Nxc3 53. Kf1 Nd5 54. Kf2
Kg7 55. Kg3 Kg6 56. Kh4 Nxb4 57. f4 Nd5 58. Kg3 b4 59. Kf3 b3 60. Kg3 b2 61. Kf3
b1=Q 62. Kg3 Qb3+ 63. Kf2 Qe3+ 64. Kg2 Nxf4+ 65. Kh2 Qh3+ 66. Kg1 Qg2# 0-1

[Event "AUTO-MASTER-3250"]
[Site "http://www.queenalice.com/game.php?id=1851235"]
[Date "2025.1.31"]
[Round "1"]
[White "lat47"]
[Black "princesher"]
[Result "0-1"]
[WhiteElo "1933"]
[BlackElo "2010"]

1. d4 d5 2. e3 a6 3. h3 h6 4. Bd3 e6 5. a3 Nf6 6. Bd2 Bd7 7. Nf3 b5 8. Ne5 Bd6
9. Qf3 Bxe5 10. dxe5 Ng8 11. Bb4 Bc6 12. Qg3 Qg5 13. Qxg5 hxg5 14. Nd2 Nd7 15.
Bc3 Ne7 16. g4 d4 17. Ne4 dxc3 18. bxc3 Nxe5 19. f3 Nxd3+ 20. cxd3 Bxe4 21. fxe4
c5 22. Kf2 Rd8 23. Rad1 g6 24. Kg3 f5 25. Kf3 fxe4+ 26. dxe4 Rxd1 27. Rxd1 Rxh3+
28. Kf2 Nc8 29. Rc1 e5 30. Rd1 Ne7 31. Rd6 a5 32. Re6 b4 33. axb4 axb4 34. cxb4
cxb4 35. Rb6 Rh2+ 36. Kg3 Rb2 37. Kf3 Kd7 38. Rb7+ Kd6 39. Rb8 b3 40. Rd8+ Kc5
41. Rd1 Rc2 42. Rb1 b2 43. Rd1 Rc1 44. Rd7 Rf1+ 0-1

[Event "AUTO-MASTER-3251"]
[Site "http://www.queenalice.com/game.php?id=1851639"]
[Date "2025.2.6"]
[Round "1"]
[White "Jsc"]
[Black "princesher"]
[Result "0-1"]
[WhiteElo "1787"]
[BlackElo "2026"]

1. e4 e5 2. Nf3 d6 3. Bc4 Bg4 4. h3 Bxf3 5. Qxf3 Qf6 6. Qb3 b6 7. O-O c6 8. d3
h6 9. f4 Kd8 10. Bxf7 Ne7 0-1

[Event "AUTO-MASTER-3251"]
[Site "http://www.queenalice.com/game.php?id=1851657"]
[Date "2025.2.6"]
[Round "1"]
[White "princesher"]
[Black "CCapivara"]
[Result "1-0"]
[WhiteElo "2031"]
[BlackElo "2196"]

1. e4 d6 2. h3 e5 3. Bb5+ c6 4. Ba4 f5 5. exf5 Bxf5 6. g4 Bg6 7. Bb3 Nf6 8. d3
Be7 9. Nc3 d5 10. Bg5 O-O 11. Bxf6 Bxf6 12. Na4 Nd7 13. Nf3 e4 14. dxe4 Bxe4 15.
O-O Kh8 16. Nd2 Bg6 17. f4 a5 18. f5 Bf7 19. Rb1 d4 20. Bxf7 Rxf7 21. b3 Re7 22.
Re1 b5 23. Nb2 Qc7 24. Kg2 Rae8 25. Rxe7 Rxe7 26. Nf3 Qf4 27. Nd3 Qe3 28. Qe1 h6
29. Qxe3 Rxe3 30. Kf2 c5 31. Re1 Rxe1 32. Ndxe1 Kg8 33. Nd3 Kf7 34. h4 Be7 35.
h5 Bf6 36. Ke2 Ke7 37. Nd2 c4 38. bxc4 bxc4 39. Nxc4 a4 40. Kf3 1-0

[Event "AUTO-MASTER-3251"]
[Site "http://www.queenalice.com/game.php?id=1851658"]
[Date "2025.2.6"]
[Round "1"]
[White "CCapivara"]
[Black "princesher"]
[Result "1-0"]
[WhiteElo "2198"]
[BlackElo "2034"]

1. e4 e5 2. Nf3 d6 3. Bc4 Bg4 4. O-O Bxf3 5. Qxf3 Nf6 6. Nc3 c6 7. d3 h6 8. Bb3
b5 9. Be3 Be7 10. Rad1 a5 11. a4 b4 12. Ne2 c5 13. Ng3 g6 14. h4 Rh7 15. h5 g5
16. Nf5 Ng8 17. Bc4 Bf6 18. c3 Kf8 19. d4 bxc3 20. bxc3 cxd4 21. cxd4 Qc7 22.
Bd5 Ra6 23. Rc1 Qd7 24. dxe5 Bxe5 25. Rc4 Ne7 26. Rfc1 Nbc6 27. Nxe7 Nxe7 28. g3
Nxd5 29. exd5 Ra8 30. Qe4 Rh8 31. Rc7 Qe8 32. Bd4 Qxa4 33. Qf5 Qe8 34. Bxe5 dxe5
35. d6 Qe6 36. Qf3 Kg7 37. Re7 Qf6 38. Qd5 a4 39. Rxe5 Rhe8 40. Rxe8 Rxe8 41. d7
Rd8 42. Rc8 a3 43. Rxd8 Qxd8 44. Qe5+ Kf8 45. Qc5+ Kg7 46. Qc8 Qa5 47. d8=Q Qe1+
48. Kg2 Qe4+ 49. Kh2 a2 50. Qh8# 1-0

[Event "AUTO-MASTER-3251"]
[Site "http://www.queenalice.com/game.php?id=1851659"]
[Date "2025.2.6"]
[Round "1"]
[White "princesher"]
[Black "beteljeuxe"]
[Result "0-1"]
[WhiteElo "2025"]
[BlackElo "2269"]

1. e4 e5 2. a3 Nf6 3. d3 d5 4. Bg5 Be7 5. Bxf6 gxf6 6. exd5 Qxd5 7. h3 Nc6 8. c3
Be6 9. b4 O-O-O 10. Qc2 f5 11. Ne2 Rhg8 12. c4 Qd6 13. b5 Na5 14. Nc1 e4 15. Ra2
e3 16. fxe3 Bh4+ 17. Kd1 Nxc4 18. Ke2 Qg3 19. Qc3 Qf2+ 20. Kd1 Nxe3# 0-1

[Event "AUTO-MASTER-3251"]
[Site "http://www.queenalice.com/game.php?id=1851660"]
[Date "2025.2.6"]
[Round "1"]
[White "beteljeuxe"]
[Black "princesher"]
[Result "1-0"]
[WhiteElo "2308"]
[BlackElo "2036"]

1. e4 e5 2. Nf3 d6 3. d4 Bg4 4. dxe5 Bxf3 5. Qxf3 dxe5 6. Qb3 b6 7. Bc4 Qe7 8.
Bg5 Qb4+ 9. Nc3 Qxb3 10. axb3 Bb4 11. O-O-O f6 12. Nb5 Na6 13. Be3 Ne7 14. c3
Bc5 15. Bxc5 bxc5 16. Kc2 Nc8 17. Rd3 Ke7 18. Ra1 c6 19. Rad1 Nb6 20. Nd6 Nxc4
21. Nf5+ Kf7 22. Rd7+ Kg6 23. Rxg7+ Kh5 24. g4# 1-0

[Event "AUTO-MASTER-3252"]
[Site "http://www.queenalice.com/game.php?id=1851961"]
[Date "2025.2.11"]
[Round "1"]
[White "princesher"]
[Black "Guilherme_Ottoni"]
[Result "0-1"]
[WhiteElo "2031"]
[BlackElo "2219"]

1. e4 c5 2. c4 Nc6 3. Nf3 d6 4. h3 Nf6 5. d3 g6 6. a3 Bg7 7. Be2 O-O 8. O-O Bd7
9. Bg5 Qb6 10. Qc2 Ne8 11. Ra2 h6 12. Bh4 g5 13. Bg3 Nc7 14. Nbd2 Ne6 15. Qb3
Qc7 16. Rd1 Ned4 17. Nxd4 Nxd4 18. Bxd6 exd6 19. Bf1 Nxb3 20. Nxb3 Ba4 21. Raa1
Bxb3 22. Rd2 Ba4 23. Rb1 Bd7 24. Be2 f5 25. exf5 Rxf5 26. g4 Rf7 27. f3 Bd4+ 28.
Kg2 b5 29. cxb5 Bxb5 30. Bd1 Bc6 31. b3 Qb7 32. b4 Bxf3+ 33. Bxf3 Qxf3+ 34. Kh2
Qf4+ 35. Kh1 Qxd2 36. bxc5 Rf2 37. a4 Rh2# 0-1

[Event "AUTO-MASTER-3252"]
[Site "http://www.queenalice.com/game.php?id=1851962"]
[Date "2025.2.11"]
[Round "1"]
[White "Guilherme_Ottoni"]
[Black "princesher"]
[Result "1-0"]
[WhiteElo "2225"]
[BlackElo "2004"]

1. e4 e5 2. Nf3 d6 3. d4 Bg4 4. dxe5 Bxf3 5. Qxf3 dxe5 6. Bc4 Nf6 7. Qb3 Ke7 8.
Nc3 b6 9. Bxf7 Qd7 10. Bg5 Nc6 11. Rd1 Nd4 12. Nd5+ Kxf7 13. Rxd4 exd4 14. Nxb6+
Qe6 15. Qxe6+ Kxe6 16. Nxa8 Nxe4 17. Nxc7+ Kd7 18. Bf4 Bb4+ 19. Ke2 g5 20. Be5
Re8 21. Nxe8 Kxe8 22. Bxd4 a6 23. c3 Be7 24. f3 Nd6 25. Re1 Kd7 26. Kd3 Nf5 27.
g3 Bd6 28. Be5 Bc5 29. b3 Bf2 30. Re2 Bb6 31. a4 Kc6 32. b4 Kd7 33. c4 h5 34.
Bf6 g4 35. fxg4 hxg4 36. Re4 Nh6 37. c5 Bc7 38. Re7+ Kc6 39. b5+ axb5 40. axb5+
Kxc5 41. Rxc7+ Kxb5 42. Ke4 Kb6 43. Rg7 Kc6 44. Bg5 Nf7 45. Rxf7 Kd6 46. Rf5 Ke6
47. Bf4 Ke7 48. Kd5 Kd7 49. Rf7+ Ke8 50. Rc7 Kd8 51. Ke6 Ke8 52. Rc8# 1-0

[Event "AUTO-MASTER-3252"]
[Site "http://www.queenalice.com/game.php?id=1851963"]
[Date "2025.2.11"]
[Round "1"]
[White "princesher"]
[Black "beteljeuxe"]
[Result "0-1"]
[WhiteElo "1995"]
[BlackElo "2373"]

1. e4 e5 2. a3 Nf6 3. d3 d5 4. Bg5 Be7 5. Bxf6 gxf6 6. Be2 dxe4 7. dxe4 Qxd1+ 8.
Bxd1 f5 9. exf5 Bxf5 10. Ne2 Bg6 11. Nbc3 f5 12. Nd5 Bd6 13. c3 c6 14. Ne3 f4
15. Nc4 Bc7 16. b4 Nd7 17. f3 Nb6 18. Nxb6 Bxb6 19. c4 Be3 20. c5 a5 21. bxa5
Rxa5 22. g3 Ke7 23. g4 h5 24. gxh5 Bxh5 25. Nc3 Rd8 26. Ne4 Rxd1+ 27. Rxd1 Bxf3
28. Nf2 Rxa3 29. Rb1 Bxh1 30. Nxh1 Ra2 31. Rxb7+ Ke6 32. Ng3 fxg3 33. hxg3 Bf2+
34. Kd1 e4 35. Rb8 Bxg3 36. Rb3 Bf2 37. Rb8 e3 38. Re8+ Kd5 39. Re7 Kd4 40. Re6
Kc3 41. Re8 e2+ 42. Rxe2 Ra1# 0-1

[Event "AUTO-MASTER-3252"]
[Site "http://www.queenalice.com/game.php?id=1851964"]
[Date "2025.2.11"]
[Round "1"]
[White "beteljeuxe"]
[Black "princesher"]
[Result "1-0"]
[WhiteElo "2368"]
[BlackElo "1997"]

1. e4 e5 2. Nf3 d6 3. d4 Bg4 4. dxe5 Bxf3 5. Qxf3 dxe5 6. Qb3 b6 7. Bc4 Qe7 8.
Bg5 Qb4+ 9. Nc3 Qxb3 10. axb3 h6 11. Nb5 Bd6 12. Bd5 c6 13. Nxd6+ Kf8 14. Nxf7
Rh7 15. Nd8 cxd5 16. Ne6+ Kf7 17. Nc7 hxg5 18. Nxa8 Nc6 19. exd5 Nb4 20. Rxa7+
Kg6 21. Nxb6 Nxc2+ 22. Kd2 Nd4 23. d6 Nf6 24. d7 Rh8 25. Nc4 e4 26. Ne5+ Kf5 27.
Nf7 Rb8 28. d8=Q Rxd8 29. Nxd8 Nxb3+ 30. Kc3 Nc5 31. Ra5 Nd5+ 32. Kc4 Nd3 33.
Kxd5 Nxb2 34. Rb1 Nd3 35. Kd4+ Kg6 36. Rb6+ Kh7 37. Nf7 Nxf2 38. Nxg5+ Kg8 39.
Ra8# 1-0

[Event "AUTO-MASTER-3253"]
[Site "http://www.queenalice.com/game.php?id=1852309"]
[Date "2025.2.16"]
[Round "1"]
[White "maurice916"]
[Black "princesher"]
[Result "0-1"]
[WhiteElo "1974"]
[BlackElo "2015"]

1. Nf3 d5 2. b3 a6 3. Bb2 h6 4. e3 Bg4 5. Be2 Bxf3 6. Bxf3 c6 7. c4 dxc4 8. bxc4
e6 9. O-O Ne7 10. d4 Ng6 11. Nc3 b5 12. cxb5 axb5 13. Qc1 Bb4 14. a3 Bxc3 15.
Qxc3 Qc7 16. Rac1 Ra6 17. d5 e5 18. dxc6 O-O 19. Rfd1 Kh8 20. Be4 Ne7 21. Qxe5
Qxe5 22. Bxe5 Nbxc6 23. Bd6 Re8 24. Bxe7 Nxe7 25. Rc7 Rxa3 26. h3 f5 27. Bf3 b4
28. Rdd7 b3 29. Rxe7 Rxe7 30. Rxe7 b2 31. Rb7 Ra1+ 32. Kh2 b1=Q 33. Rxb1 Rxb1
34. Kg3 g5 35. Bh5 Kg7 36. Be2 Kf6 37. f3 Rb4 38. Kf2 h5 39. f4 h4 40. fxg5+
Kxg5 41. Bf3 Rb2+ 42. Be2 f4 43. e4 Kf6 44. Kf3 Kg5 45. Kf2 Rb3 46. Bg4 Kf6 47.
Bf3 Ke5 48. Ke2 Kd4 49. Kd2 Rc3 50. Ke2 Rd3 51. Kf2 Re3 52. Kf1 Kd3 53. Kf2 Kd2
54. Kg1 Rc3 55. Kf2 Rc1 56. Bg4 Re1 57. Bf3 Rc1 58. Bg4 Kd3 59. Bf3 Rc2+ 60. Ke1
Ke3 61. Kd1 Ra2 62. e5 Ra5 63. e6 Re5 64. Bg4 Kf2 65. Kd2 Kxg2 66. Kd3 f3 67.
Kd4 Re1 68. Kd3 f2 0-1

[Event "AUTO-MASTER-3253"]
[Site "http://www.queenalice.com/game.php?id=1852310"]
[Date "2025.2.16"]
[Round "1"]
[White "princesher"]
[Black "maurice916"]
[Result "1-0"]
[WhiteElo "1993"]
[BlackElo "1947"]

1. e4 c6 2. b4 d5 3. e5 Bf5 4. d4 h5 5. h4 e6 6. c3 g6 7. Nd2 Nh6 8. g3 Bg7 9.
f3 g5 10. hxg5 Qxg5 11. Ne2 Qe7 12. Nb3 Bg6 13. Bxh6 Bxh6 14. a4 Na6 15. f4 Be4
16. Rxh5 Nxb4 17. cxb4 Qxb4+ 18. Nd2 Bf3 19. Rh4 Ke7 20. Qb3 Qxb3 21. Nxb3 f6
22. Ng1 Be4 23. exf6+ Kxf6 24. Nh3 Kg6 25. g4 Rhf8 26. g5 Bg7 27. Nf2 Bc2 28.
Bd3+ Bxd3 29. Nxd3 Kf5 30. Ke2 Ke4 31. Ndc5+ Kf5 32. Nxb7 Kg6 33. N7c5 Rfe8 34.
Kd3 Rf8 35. Nxe6 Rh8 36. Rxh8 Rxh8 37. Nxg7 Kxg7 38. Rf1 Rh3+ 39. Kc2 Kg6 40.
Kb2 Kf5 41. Ka3 a5 42. Rf2 Rg3 43. Kb2 Rd3 44. Kc2 Rh3 45. Nxa5 Ra3 46. Kb2 Rxa4
47. Nxc6 Ra8 48. Ne7+ Ke4 49. g6 Kxd4 50. g7 Ke3 51. Rh2 d4 52. Rh8 1-0

[Event "AUTO-MASTER-3254"]
[Site "http://www.queenalice.com/game.php?id=1852614"]
[Date "2025.2.22"]
[Round "1"]
[White "princesher"]
[Black "pomar"]
[Result "1-0"]
[WhiteElo "2007"]
[BlackElo "1806"]

1. e4 e6 2. a3 d5 3. e5 c5 4. Bb5+ Nc6 5. Bxc6+ bxc6 6. d3 d4 7. f4 f6 8. exf6
Nxf6 9. g3 h5 10. h3 Qd5 11. Qf3 c4 12. Qxd5 cxd5 13. Nd2 Ba6 14. Ndf3 Bc5 15.
Ne5 Rb8 16. b4 cxb3 17. cxb3 Nd7 18. Nxd7 Kxd7 19. b4 Bb6 20. Kd2 Rbc8 21. Bb2
Rhf8 22. Ne2 Rc7 23. Bxd4 Bxd4 24. Nxd4 g6 25. b5 Bb7 26. Rhe1 Re8 27. Rec1 Rec8
28. Rxc7+ Rxc7 29. Rc1 Rxc1 30. Kxc1 Kd6 31. Kc2 e5 32. fxe5+ Kxe5 33. Kc3 a5
34. bxa6 Bxa6 35. a4 Kd6 36. Nf3 Kc5 37. d4+ Kd6 38. h4 Ke6 39. Kb4 Be2 40. Ne5
Kf5 41. Kc5 g5 42. Kxd5 gxh4 43. gxh4 Kf4 44. Kc5 Ke4 45. a5 Ba6 46. Nd7 Bb7 47.
Nf6+ Kf5 48. Nxh5 Kg4 49. Ng7 Kxh4 50. d5 Kg5 51. d6 Kf6 52. Kb6 Ba8 53. d7 Ke7
54. Kc7 1-0

[Event "AUTO-MASTER-3254"]
[Site "http://www.queenalice.com/game.php?id=1852615"]
[Date "2025.2.22"]
[Round "1"]
[White "pomar"]
[Black "princesher"]
[Result "1/2-1/2"]
[WhiteElo "1831"]
[BlackElo "2000"]

1. f3 e5 2. Kf2 Bc5+ 3. e3 b6 4. d4 exd4 5. exd4 Qh4+ 6. g3 Qxd4+ 7. Qxd4 Bxd4+
8. Kg2 Bxg1 9. Rxg1 Ba6 10. Nc3 Bxf1+ 11. Rxf1 Ne7 12. Bf4 Na6 13. Rfe1 Kd8 14.
Nb5 Nc6 15. c3 d6 16. b4 Ne7 17. Rad1 Re8 18. Bxd6 cxd6 19. Nxd6 Rf8 20. Nf5+
Kc8 21. Rxe7 g6 22. Nh6 Rd8 23. Rxd8+ Kxd8 24. Rxf7 Kc8 25. Rxh7 Nc7 26. Rg7 Kb7
27. Rxg6 Rd8 28. Nf7 Rd2+ 29. Kh3 Rxa2 30. Nd6+ Ka6 31. g4 Nd5 32. Rg7 Nxc3 33.
f4 Rb2 34. b5+ Nxb5 35. Nxb5 Rxb5 36. f5 Rb3+ 37. Kh4 Rb2 38. h3 Rf2 39. Kg5 b5
40. h4 b4 41. h5 b3 42. h6 b2 43. h7 Rh2 44. Rg6+ Kb5 45. Rh6 Rxh6 46. Kxh6 b1=Q
47. h8=Q Qc1+ 48. Kg7 Qg5+ 49. Kf7 Qxg4 50. Qe5+ Kb4 51. f6 a5 52. Qb8+ Ka3 53.
Qd6+ Ka4 54. Kf8 Qb4 55. Qe7 Qb6 56. f7 Kb3 57. Qg5 a4 58. Kg8 Qe6 59. Kg7 Qd7
60. Kg8 Qe6 61. Qg7 a3 62. Kh8 Qh3+ 63. Qh7 Qxh7+ 64. Kxh7 1/2-1/2

[Event "AUTO-OPEN-4541"]
[Site "http://www.queenalice.com/game.php?id=1854716"]
[Date "2025.3.29"]
[Round "2"]
[White "CCapivara"]
[Black "princesher"]
[Result "1-0"]
[WhiteElo "2190"]
[BlackElo "1970"]

1. e4 e5 2. Nf3 d6 3. Bc4 Bg4 4. O-O c6 5. d3 h6 6. c3 a6 7. Be3 b5 8. Bb3 Be7
9. Nbd2 Bxf3 10. Qxf3 Bf6 11. d4 a5 12. Rad1 a4 13. Bc2 Bg5 14. dxe5 Bxe3 15.
fxe3 Ra7 16. exd6 Qxd6 17. Qg4 f6 18. e5 Qxe5 19. Bg6+ Ke7 20. Nf3 Qe6 21. Bf5
Qf7 22. Nh4 Nd7 23. Ng6+ Ke8 24. Bxd7+ Rxd7 25. Qxd7+ Qxd7 26. Rxd7 Kxd7 27.
Nxh8 Ne7 28. Rd1+ Ke8 29. Kf2 g5 30. Rd6 Kf8 31. Rxf6+ Kg8 32. Rxh6 Kg7 33. Re6
Kf8 34. Rxe7 Kxe7 35. Ng6+ Kf6 36. Nf8 Kf5 37. Kf3 g4+ 38. Kg3 Ke4 39. Kxg4 Kxe3
40. h4 Kd3 41. h5 Kc2 42. h6 Kxb2 43. h7 Kxa2 44. h8=Q a3 45. Qf6 Kb3 46. Qxc6
b4 47. cxb4 a2 48. Qe6+ Ka3 49. Qxa2+ Kxa2 50. b5 Kb2 51. b6 Kc2 52. b7 Kd2 53.
b8=Q Ke2 54. Qf4 Kd3 55. Qe5 Kc4 56. Qd6 Kc3 57. Qd5 Kb4 58. Qc6 Kb3 59. Qc5 Ka4
60. Qb6 Ka3 61. Qb5 Ka2 62. Ne6 Ka3 63. Nd4 Ka2 64. Qb3+ Ka1 65. Nc2# 1-0

[Event "AUTO-OPEN-4541"]
[Site "http://www.queenalice.com/game.php?id=1854717"]
[Date "2025.3.29"]
[Round "2"]
[White "princesher"]
[Black "CCapivara"]
[Result "0-1"]
[WhiteElo "1963"]
[BlackElo "2187"]

1. e4 d6 2. h3 e5 3. a3 f5 4. exf5 Bxf5 5. d3 Nf6 6. Bg5 Be7 7. Bxf6 Bxf6 8. g4
Be6 9. Bg2 c6 10. c3 O-O 11. Nd2 Nd7 12. b4 d5 13. Ne2 Qe7 14. O-O Rad8 15. Rb1
b5 16. a4 a6 17. a5 c5 18. Qc2 Rc8 19. Ng3 cxb4 20. Rb3 Rxc3 21. Rxc3 bxc3 22.
Qxc3 Qc5 23. Qb3 g6 24. Ne2 Kg7 25. Rc1 Qd6 26. Rc2 Rf7 27. Qb1 Nc5 28. Qb4 Nb7
29. Qxd6 Nxd6 30. Rc6 Rd7 31. Rxa6 b4 32. Rb6 e4 33. d4 Bd8 34. Ra6 Nc4 35. Nb3
Bf7 36. Ra8 h6 37. a6 Bb6 38. Rb8 Ra7 39. Nc5 Bxc5 40. dxc5 Rxa6 41. Rxb4 Rc6
42. Rb5 Kf6 43. Nd4 Rc8 44. c6 Ke5 45. Ne2 Rxc6 46. f4+ exf3 47. Bxf3 Rb6 48.
Rxb6 Nxb6 49. Kf2 d4 50. Nc1 Bc4 51. Ke1 Kf4 52. Kf2 d3 53. Bd1 Nd5 54. Ke1 Ke3
55. Nxd3 Bxd3 56. h4 Nf4 57. Bb3 Ng2+ 58. Kd1 Nxh4 59. Bf7 Be2+ 60. Kc2 Bxg4 61.
Bd5 g5 62. Bf7 Bf3 63. Be6 g4 64. Bd7 g3 65. Bh3 g2 66. Bxg2 Nxg2 67. Kc3 h5 68.
Kc2 h4 69. Kc3 h3 70. Kc2 h2 71. Kc3 h1=Q 72. Kc2 Qd1+ 73. Kc3 Qc1+ 74. Kb4 Kd4
75. Kb5 Qc5+ 76. Ka6 Qb4 77. Ka7 Qb7# 0-1